000 00466nam a2200181Ia 4500
001 19499
005 20260306172657.0
008 260306t2019||||xx |||||||||||||| ||spa||
041 _aESP
082 _a340.1
_bA39A
100 _aAlexy, Robert
_eAUT
245 0 _aEnsayos sobre la teoría de los principios y el juicio de proporcionalidad
260 _c2019
300 _a364 páginas :
_c24 cm.
650 _aGEN
654 _aCDE
942 _cLIB
_dJUS
_fJUS
_2ddc
_n
999 _c19499
_d19499